000 00904nam a22002417a 4500
999 _c15245
_d15245
003 MIRAKIL
005 20230531142731.0
008 230531b tu ||||| |||| 00| 0 tur d
020 _a9786257468992
040 _aTR-AnCHP
_cTR-AnCHP
082 _a320.1
_bK61g 2022
100 _aKocaman, Musa
245 1 0 _aGazi Mustafa Kemal Atatürk’ün stratejik liderliği ışığında :
_bulusal kalkınma acil master planı/
_cMusa Kocaman ; İsmail Hakkı Eraslan.
246 _aulusal kalkınma acil master planı
260 _aİstanbul :
_bHalk Kitabevi,
_c2022.
300 _a269 s.:
_c21 sm.
504 _aKaynakça vardır.
600 1 4 _91465
_aAtatürk, Gazi Mustafa Kemal
_cTürkiye Cumhuriyeti Kurucusu
_d1881-1938
_xSiyaset ve yönetim
650 0 _95084
_aSiyaset Bilimi
_xTürkiye
700 _97422
_aEraslan, İsmail Hakkı
740 _aulusal kalkınma acil master planı
942 _2ddc
_cBKS